000 01155nam0a2200301 4500
001 RU\NLR\b_ik\178225
005 20250616230643.0
035 _a(NLR Aleph) 002250821
090 _a3686075
_c3686075
100 _a20090605d1975 |||y0rusy50 ca
101 0 _aeng
_arus
102 _aRU
105 _aac |||||||||
200 1 _aMinas Avetisian
_dМинас Аветисян
_e[an album
_fcomp. a. introd. by G. Igitian]
_zrus
210 _aLeningrad
_cAurora
_dcop. 1975
215 _a27 с., [90] л. цв. ил., портр.
_cил., портр.
_d27
300 _aТекст парал. на англ. и рус. яз.
320 _aБиблиогр.: с. 27
510 1 _aМинас Аветисян
_zrus
600 0 1 _aАветисян
_bМ. К.
_f1928 - 1975
_gМинас Карапетович
_jАльбомы
_91101226
_3RU\NLR\AUTH\66114079
686 1 _aЩ143(2Ар)7-8Аветисян я61
700 1 _aAvetisjan
_bM. K.
_f1928-1975
_gMinas Karapetovič
_4070
702 1 _aIgetjan
_bG. S.
_gGenrich Surenovič
_4220
801 0 _aRU
_bNLR
_c20090605
_gRCR
942 _cBOOK
980 _aNB